[Event "BL 8586 Bamberg-Erlangen"]
[Site "?"]
[Date "1986.??.??"]
[Round "?.5"]
[White "Treppner, G."]
[Black "Tischer, G."]
[Result "1/2-1/2"]
[WhiteElo "2280"]
[BlackElo "2335"]
[PlyCount "45"]
[EventDate "1986.??.??"]

1. Nf3 Nf6 2. g3 d6 3. d4 Nbd7 4. Bg2 e5 5. c4 c6 6. O-O Be7 7. Nc3 O-O 8. e4
a6 9. d5 cxd5 10. cxd5 b5 11. Ne1 b4 12. Na4 Nb6 13. Nxb6 Qxb6 14. Be3 Qb5 15.
f3 Bd7 16. Rf2 Rfc8 17. Rc2 Bd8 18. Rac1 Bb6 19. Qd2 a5 20. Bf1 Bxe3+ 21. Qxe3
Qb7 22. Nd3 Rxc2 23. Rxc2 1/2-1/2

[Event "BL 8586 Bamberg-Erlangen"]
[Site "?"]
[Date "1986.??.??"]
[Round "?.6"]
[White "Kestler, H."]
[Black "Autenrieth, M."]
[Result "1-0"]
[WhiteElo "2410"]
[BlackElo "2315"]
[PlyCount "109"]
[EventDate "1986.??.??"]

1. Nf3 d6 2. d4 Nd7 3. e4 e5 4. Nc3 Ngf6 5. Bc4 Be7 6. O-O O-O 7. Re1 c6 8. a4
a5 9. b3 h6 10. Bb2 Nh7 11. h3 Ng5 12. Nxg5 Bxg5 13. Ne2 Re8 14. Ng3 g6 15.
dxe5 dxe5 16. Qd6 Qf6 17. Rad1 Nb6 18. Be2 Qxd6 19. Rxd6 Be7 20. Rd3 f6 21. Bc1
Nd7 22. Be3 Nc5 23. Bxc5 Bxc5 24. Bg4 Bxg4 25. hxg4 Red8 26. Red1 Be7 27. Kf1
Kf7 28. Ke2 Rxd3 29. Rxd3 Ke6 30. Nf1 Rb8 31. Ne3 b5 32. Rc3 Kd7 33. axb5 Rxb5
34. Rc4 Bc5 35. Nd1 Bd4 36. Ra4 Ke6 37. Kd2 f5 38. gxf5+ gxf5 39. exf5+ Kxf5
40. Ne3+ Kg5 41. Ke2 Bb6 42. Rg4+ Kf6 43. Rc4 Bxe3 44. Rxc6+ Kf5 45. Kxe3 h5
46. Ra6 Rc5 47. c4 h4 48. f3 Kg5 49. Ke4 Kh5 50. Kf5 h3 51. gxh3 Kh4 52. f4
exf4+ 53. Kxf4 Kxh3 54. Ke4 Kg4 55. Kd4 1-0

[Event "BL 8586 Lasker-HSK"]
[Site "?"]
[Date "1986.??.??"]
[Round "?.1"]
[White "Reefschlaeger, H."]
[Black "Wockenfuss, K."]
[Result "1/2-1/2"]
[WhiteElo "2395"]
[BlackElo "2370"]
[PlyCount "34"]
[EventDate "1986.??.??"]

1. d4 d6 2. Nf3 g6 3. g3 Bg7 4. Bg2 Nd7 5. O-O e5 6. c4 Ne7 7. d5 O-O 8. Nc3 f5
9. Ng5 Nf6 10. e4 fxe4 11. Ncxe4 Nf5 12. Nxf6+ Bxf6 13. Ne4 b6 14. h4 h6 15. h5
g5 16. g4 Nd4 17. Ng3 Qd7 1/2-1/2

[Event "BL 8586 Lasker-HSK"]
[Site "?"]
[Date "1986.??.??"]
[Round "?.2"]
[White "Muse, M."]
[Black "Wahls, M."]
[Result "0-1"]
[WhiteElo "2430"]
[BlackElo "2285"]
[PlyCount "100"]
[EventDate "1986.??.??"]

1. d4 Nf6 2. c4 e6 3. Nf3 c5 4. d5 exd5 5. cxd5 d6 6. Nc3 g6 7. Nd2 Bg7 8. Nc4
O-O 9. Bg5 b6 10. e3 Ba6 11. a4 Qe7 12. Nb5 Bxb5 13. axb5 Nbd7 14. Be2 Ne5 15.
Na3 Ned7 16. O-O h6 17. Bf4 g5 18. Bg3 Ne4 19. Nc4 f5 20. Qc2 Ndf6 21. Rfd1
Rae8 22. Bf1 Ng4 23. Be2 h5 24. Bxg4 fxg4 25. f3 gxf3 26. gxf3 Nxg3 27. hxg3
Rxf3 28. Kg2 Ref8 29. Rf1 Rxf1 30. Rxf1 Rxf1 31. Kxf1 Qf7+ 32. Kg1 Qxd5 33. Qe2
g4 34. b3 Qe6 35. Qd3 d5 36. Nd2 Be5 37. Kg2 Kg7 38. e4 Bd4 39. exd5 Qxd5+ 40.
Ne4 Qf5 41. Qe2 Qd5 42. Kh2 Qxb3 43. Nd6 Qb2 44. Nf5+ Kf6 45. Nxd4 Qxd4 46.
Qf1+ Ke6 47. Qe2+ Kd6 48. Qa2 c4 49. Qa3+ Qc5 50. Qxa7 Qxb5 0-1

[Event "BL 8586 Lasker-HSK"]
[Site "?"]
[Date "1986.??.??"]
[Round "?.3"]
[White "Gruenberg, Ra"]
[Black "Cladouras, P."]
[Result "1/2-1/2"]
[WhiteElo "2270"]
[BlackElo "2320"]
[PlyCount "27"]
[EventDate "1986.??.??"]

1. d4 Nf6 2. c4 e6 3. Nc3 Bb4 4. e3 O-O 5. Nge2 d5 6. cxd5 exd5 7. g3 c6 8. Bg2
Bf5 9. O-O Na6 10. a3 Bd6 11. f3 c5 12. dxc5 Nxc5 13. g4 Bg6 14. g5 1/2-1/2

[Event "BL 8586 Lasker-HSK"]
[Site "?"]
[Date "1986.??.??"]
[Round "?.4"]
[White "Brunner, L."]
[Black "Behrhorst, F."]
[Result "1-0"]
[WhiteElo "2290"]
[BlackElo "2320"]
[PlyCount "85"]
[EventDate "1986.??.??"]

1. Nf3 Nf6 2. c4 c5 3. Nc3 Nc6 4. d4 cxd4 5. Nxd4 e6 6. g3 Qb6 7. Nb3 Ne5 8. e4
Bb4 9. Qe2 a5 10. Be3 Qc6 11. f3 O-O 12. Nd4 Qa6 13. Ndb5 d5 14. Nc7 Qc6 15.
Nxa8 Nxc4 16. Bd4 b5 17. Nb6 e5 18. Nbxd5 Nxd5 19. exd5 Qc7 20. O-O-O Ba6 21.
Bf2 Nxb2 22. Qxb2 Bxc3 23. Qc2 Rc8 24. Kb1 Qd6 25. Rd3 b4 26. Rxc3 Rxc3 27. Qd2
Bc8 28. Bd3 g6 29. Rc1 Qxd5 30. Rxc3 bxc3 31. Qxc3 Be6 32. Qb3 Qa8 33. Qb5 Qxf3
34. Qb8+ Kg7 35. Qxe5+ Kg8 36. Qb8+ Kg7 37. Bd4+ f6 38. Qa7+ Kg8 39. Bc2 Qe2
40. Qxa5 Qc4 41. Qd8+ Kf7 42. Qxf6+ Ke8 43. Ba4+ 1-0

[Event "BL 8586 Lasker-HSK"]
[Site "?"]
[Date "1986.??.??"]
[Round "?.5"]
[White "Wegner, H."]
[Black "Paulsen, D."]
[Result "1/2-1/2"]
[WhiteElo "2210"]
[BlackElo "2345"]
[PlyCount "82"]
[EventDate "1986.??.??"]

1. d4 Nf6 2. c4 e6 3. Nf3 Bb4+ 4. Bd2 Qe7 5. g3 Nc6 6. Bg2 Bxd2+ 7. Nbxd2 d6 8.
O-O O-O 9. e4 e5 10. d5 Nb8 11. Ne1 a5 12. Nd3 Nbd7 13. Qb3 b6 14. Rae1 Nc5 15.
Nxc5 bxc5 16. f4 Rd8 17. Qc3 Ne8 18. fxe5 dxe5 19. Nb3 a4 20. Nc1 f6 21. Nd3
Qd6 22. Qa3 Ra5 23. Qc3 Qb6 24. Kh1 Nd6 25. Rb1 Bd7 26. b4 axb3 27. axb3 Ra3
28. Qb2 Rda8 29. Ra1 Nxc4 30. Rxa3 Nxa3 31. Ra1 c4 32. bxc4 Qxb2 33. Nxb2 Rb8
34. Rxa3 Rxb2 35. h4 Bg4 36. Ra7 Rb1+ 37. Kh2 Rb2 38. Kg1 Rb1+ 39. Kf2 Rb2+ 40.
Kg1 Rb1+ 41. Kf2 Rb2+ 1/2-1/2

[Event "BL 8586 Lasker-HSK"]
[Site "?"]
[Date "1986.??.??"]
[Round "?.6"]
[White "Jacoby, G."]
[Black "Schulte, O."]
[Result "1/2-1/2"]
[WhiteElo "2305"]
[BlackElo "2345"]
[PlyCount "36"]
[EventDate "1986.??.??"]

1. e4 Nf6 2. e5 Nd5 3. d4 d6 4. Nf3 Bg4 5. Be2 e6 6. O-O a6 7. h3 Bxf3 8. Bxf3
dxe5 9. dxe5 Nc6 10. c4 Nde7 11. b3 Qxd1 12. Rxd1 Rd8 13. Rxd8+ Kxd8 14. Bb2 g6
15. Nd2 Bg7 16. Rd1 Kc8 17. Bxc6 Nxc6 18. Nf3 Rd8 1/2-1/2

[Event "BL 8586 Kreuzberg-Zehlendorf"]
[Site "?"]
[Date "1986.??.??"]
[Round "?.1"]
[White "Pritchett, C."]
[Black "Berg, K."]
[Result "1-0"]
[WhiteElo "2395"]
[BlackElo "2350"]
[PlyCount "79"]
[EventDate "1986.??.??"]

1. e4 e6 2. d4 d5 3. Nc3 Nf6 4. Bg5 dxe4 5. Nxe4 Be7 6. Bxf6 gxf6 7. Nf3 b6 8.
Bc4 Bb7 9. Qe2 c6 10. O-O-O Qc7 11. Kb1 Nd7 12. Rhe1 O-O-O 13. Ba6 Bxa6 14.
Qxa6+ Kb8 15. a3 Rhg8 16. g3 f5 17. Ned2 h5 18. Qe2 h4 19. Nc4 hxg3 20. hxg3 f4
21. gxf4 Qxf4 22. Nfe5 Kb7 23. Rd3 Nxe5 24. Nxe5 Rgf8 25. Rf3 Qxd4 26. Nxf7 Rd5
27. Qxe6 Re8 28. Ne5 Rxe5 29. Rxe5 Qd1+ 30. Ka2 Qxf3 31. Qd7+ Ka6 32. Qxe8 Bc5
33. Qc8+ Kb5 34. Qe6 Qxf2 35. c4+ Ka6 36. Qc8+ Ka5 37. Qxc6 Ka6 38. Qc8+ Ka5
39. Rxc5+ bxc5 40. Qc7+ 1-0

[Event "BL 8586 Kreuzberg-Zehlendorf"]
[Site "?"]
[Date "1986.??.??"]
[Round "?.2"]
[White "King, D."]
[Black "Davies, N."]
[Result "1-0"]
[WhiteElo "2435"]
[BlackElo "2350"]
[PlyCount "98"]
[EventDate "1986.??.??"]

1. e4 g6 2. d4 Bg7 3. c3 Nf6 4. Bd3 O-O 5. e5 Nd5 6. f4 d6 7. Nf3 dxe5 8. dxe5
c6 9. Na3 Nd7 10. Be4 Nc5 11. Bxd5 cxd5 12. O-O b6 13. Be3 Ba6 14. Rf2 Ne4 15.
Rc2 Rc8 16. Rcc1 Qd7 17. Nc2 Rfd8 18. a4 Qc7 19. Ncd4 Bc4 20. a5 bxa5 21. Qa4
Rb8 22. b3 Nc5 23. Qxa5 Qxa5 24. Rxa5 Nxb3 25. Nxb3 Rxb3 26. Rxa7 e6 27. Nd2
Rb2 28. Nxc4 dxc4 29. Rca1 Bf8 30. Ra8 Rbb8 31. Rxb8 Rxb8 32. Ra4 Rc8 33. Kf1
h5 34. Ke2 Be7 35. Kf3 Kf8 36. g3 Ke8 37. Ke4 Kd7 38. h3 Rc7 39. g4 hxg4 40.
hxg4 Rc8 41. Ra7+ Ke8 42. Bb6 Rb8 43. Ra6 Bh4 44. Bd4 Rc8 45. g5 Be1 46. Ra1
Bg3 47. Kf3 Bh4 48. Rh1 Bxg5 49. fxg5 Kd7 1-0

[Event "BL 8586 Kreuzberg-Zehlendorf"]
[Site "?"]
[Date "1986.??.??"]
[Round "?.3"]
[White "Riedel, W."]
[Black "Lehmann, K."]
[Result "0-1"]
[WhiteElo "2310"]
[BlackElo "2225"]
[PlyCount "74"]
[EventDate "1986.??.??"]

1. d4 d5 2. c4 c6 3. Nf3 Nf6 4. Nc3 dxc4 5. e4 b5 6. e5 Nd5 7. a4 e6 8. axb5
Bb4 9. Bd2 Bxc3 10. bxc3 cxb5 11. Ng5 h6 12. Ne4 O-O 13. Qh5 f5 14. Nd6 Bd7 15.
Be2 a6 16. Bf3 Nc6 17. g4 f4 18. Be4 Be8 19. Qh3 Qg5 20. Qf3 Nxe5 21. dxe5 Bc6
22. Nf5 exf5 23. Bxd5+ Bxd5 24. Qxd5+ Kh8 25. O-O-O fxg4 26. Qe4 Rac8 27. Kb2
a5 28. Bc1 b4 29. Rd6 Qh4 30. Qd4 bxc3+ 31. Ka1 Rb8 32. e6 Rb4 33. Qxc3 Rfb8
34. Rhd1 Ra4+ 35. Ba3 Qf6 36. R6d4 Rb3 37. Rd8+ Kh7 0-1

[Event "BL 8586 Kreuzberg-Zehlendorf"]
[Site "?"]
[Date "1986.??.??"]
[Round "?.4"]
[White "Grzesik, F."]
[Black "Lehmann, H."]
[Result "1/2-1/2"]
[WhiteElo "2285"]
[BlackElo "2285"]
[PlyCount "113"]
[EventDate "1986.??.??"]

1. e4 c5 2. c3 d5 3. exd5 Qxd5 4. d4 Nf6 5. Nf3 e6 6. Bd3 Nc6 7. O-O Be7 8. c4
Qd8 9. dxc5 Bxc5 10. a3 Be7 11. Nc3 b6 12. Qe2 Bb7 13. Rd1 Qc8 14. Bf4 O-O 15.
Rac1 Rd8 16. Nb5 Rd7 17. h3 Qf8 18. Ne5 Nxe5 19. Bxe5 Rdd8 20. Bc7 Rdc8 21. Be5
Ne8 22. Be4 Bxe4 23. Qxe4 a6 24. Nd4 Bf6 25. Nf3 Qe7 26. Qd4 Qb7 27. Qd7 Ra7
28. Qxb7 Rxb7 29. b4 Be7 30. Rc2 f6 31. Bd4 e5 32. Be3 Kf7 33. Rdc1 Ke6 34. Nd2
f5 35. f3 Nf6 36. Nb3 Nd7 37. Kf1 Rbc7 38. Ke2 a5 39. bxa5 bxa5 40. Nxa5 Bxa3
41. Rb1 f4 42. Bf2 Bc5 43. Rb5 Bxf2 44. Kxf2 Nc5 45. Ke2 Kf6 46. Rd2 Ne6 47.
Rd6 Ke7 48. Rbd5 Rc5 49. Kd3 Rxd5+ 50. Rxd5 Nc5+ 51. Kc3 Ke6 52. Kb4 Na6+ 53.
Kc3 Nc5 54. Rd1 e4 55. fxe4 Nxe4+ 56. Kb3 g5 57. Rd4 1/2-1/2

[Event "BL 8586 Kreuzberg-Zehlendorf"]
[Site "?"]
[Date "1986.??.??"]
[Round "?.5"]
[White "Dankert, P."]
[Black "Konieczka, F."]
[Result "1/2-1/2"]
[WhiteElo "2305"]
[BlackElo "2240"]
[PlyCount "30"]
[EventDate "1986.??.??"]

1. d4 d5 2. Nf3 Nf6 3. c4 e6 4. Nc3 Be7 5. Bg5 O-O 6. e3 h6 7. Bh4 b6 8. Rc1
Bb7 9. cxd5 Nxd5 10. Bxe7 Qxe7 11. Bd3 Nxc3 12. Rxc3 Rc8 13. O-O Nd7 14. Qa4 c5
15. Ba6 Nf6 1/2-1/2

[Event "BL 8586 Kreuzberg-Zehlendorf"]
[Site "?"]
[Date "1986.??.??"]
[Round "?.6"]
[White "Grzesik, T."]
[Black "Lieb, H."]
[Result "1/2-1/2"]
[WhiteElo "2335"]
[BlackElo "2275"]
[PlyCount "84"]
[EventDate "1986.??.??"]

1. e4 e6 2. d4 d5 3. Nc3 Bb4 4. e5 c5 5. a3 Bxc3+ 6. bxc3 Qc7 7. Nf3 Bd7 8. a4
Ne7 9. Be2 Nbc6 10. h4 f6 11. Bf4 Ng6 12. Bg3 Qa5 13. Qd2 cxd4 14. cxd4 Qxd2+
15. Kxd2 Nge7 16. Bd3 Rc8 17. h5 f5 18. Bh4 h6 19. Rhg1 O-O 20. Bxe7 Nxe7 21.
g3 Be8 22. Rh1 Nc6 23. a5 Rc7 24. c3 a6 25. Ne1 Na7 26. Ng2 Bb5 27. Bc2 Rfc8
28. Ra3 Nc6 29. Bb1 b6 30. axb6 Rb7 31. Nf4 Kf7 32. Bd3 Rxb6 33. Rb1 Rcb8 34.
Bxb5 axb5 35. Nd3 b4 36. Nxb4 Nxd4 37. Ra7+ Kf8 38. cxd4 Rxb4 39. Rxb4 Rxb4 40.
Ra8+ Kf7 41. Ra7+ Kg8 42. Ra8+ Kf7 1/2-1/2

[Event "BL 8586 Kreuzberg-Zehlendorf"]
[Site "?"]
[Date "1986.??.??"]
[Round "?.7"]
[White "Rahls, P."]
[Black "Sprotte, N."]
[Result "1-0"]
[WhiteElo "2250"]
[BlackElo "2245"]
[PlyCount "125"]
[EventDate "1986.??.??"]

1. e4 e6 2. Nf3 d5 3. e5 Bd7 4. a3 a5 5. d4 c5 6. dxc5 Bxc5 7. Bd3 h6 8. O-O
Ne7 9. Nc3 Na6 10. Ne2 Bb6 11. Ng3 g6 12. c3 Nc5 13. Bc2 a4 14. Re1 Nf5 15. Bf4
Qe7 16. Nxf5 gxf5 17. Nd4 Ne4 18. Qe2 Ra5 19. f3 Nc5 20. Kh1 h5 21. Qd2 Rg8 22.
Rad1 Ra8 23. Bxf5 exf5 24. e6 Bxe6 25. Nxf5 Qd7 26. c4 Nb3 27. Qxd5 Qxd5 28.
cxd5 Ba5 29. dxe6 Bxe1 30. exf7+ Kxf7 31. Nh6+ Kg7 32. Nxg8 Re8 33. Nh6 Bd2 34.
Nf5+ Kg6 35. Nd6 Re6 36. g3 Bxf4 37. gxf4 Re2 38. h4 Nd2 39. Rg1+ Kf6 40. Rg2
Re1+ 41. Kh2 Nxf3+ 42. Kg3 Re3 43. Kf2 Nxh4 44. Rg5 Rf3+ 45. Ke2 Rxf4 46. Rxh5
b6 47. Rb5 Rd4 48. Rxb6 Ke5 49. Nb5 Re4+ 50. Kd3 Rg4 51. Nc3 Rd4+ 52. Kc2 Nf3
53. Rb5+ Kd6 54. Ra5 Rd2+ 55. Kc1 Rh2 56. Rxa4 Kc5 57. Ne4+ Kd5 58. Nc3+ Kc5
59. Kb1 Nd2+ 60. Ka2 Nc4 61. Rb4 Rc2 62. Na4+ Kd4 63. Kb3 1-0

[Event "BL 8586 Heidelberg-Koblenz"]
[Site "?"]
[Date "1986.??.??"]
[Round "?.1"]
[White "Gutman, L."]
[Black "Steinbacher, M."]
[Result "0-1"]
[WhiteElo "2485"]
[BlackElo "2290"]
[PlyCount "99"]
[EventDate "1986.??.??"]

1. Nf3 Nf6 2. g3 d5 3. Bg2 c5 4. O-O g6 5. d4 cxd4 6. Nxd4 Bg7 7. c4 O-O 8.
cxd5 Nxd5 9. Nc3 Nxc3 10. bxc3 Nc6 11. Nxc6 bxc6 12. Qa4 Bxc3 13. Rb1 Bf5 14.
Rb7 Qd4 15. Qa3 a5 16. Be3 Bb4 17. Qc1 Qf6 18. Rb6 Qe6 19. Qb2 Rfc8 20. Rc1 Be4
21. Bh6 f6 22. Bxe4 Qxe4 23. Qb3+ e6 24. Qb2 Be7 25. Rb7 Re8 26. f3 Qd5 27. Be3
a4 28. Qc2 c5 29. Rb6 Red8 30. Kg2 Kf7 31. h4 h5 32. Bf4 a3 33. Rb3 e5 34. Be3
Rdb8 35. Rcb1 Rb4 36. Rxb4 cxb4 37. Rb3 Qe6 38. Bd2 Rc8 39. Qb1 Qd5 40. Bxb4
Rb8 41. Bxe7 Rxb3 42. axb3 Kxe7 43. Qc2 Qa5 44. b4 Qa7 45. Qa2 Qe3 46. b5 Kd6
47. Qc2 Qc5 48. Qb3 Kc7 49. b6+ Kb7 50. g4 0-1

[Event "BL 8586 Heidelberg-Koblenz"]
[Site "?"]
[Date "1986.??.??"]
[Round "?.2"]
[White "Mack, P."]
[Black "Wolf, V."]
[Result "0-1"]
[WhiteElo "2280"]
[BlackElo "2315"]
[PlyCount "64"]
[EventDate "1986.??.??"]

1. c4 e5 2. Nc3 Nc6 3. g3 d6 4. Bg2 Be6 5. d3 Qd7 6. Rb1 g6 7. b4 Bg7 8. Be3
Nge7 9. Nd5 O-O 10. b5 Nd8 11. Nxe7+ Qxe7 12. h4 a6 13. a4 axb5 14. axb5 h6 15.
Qc1 Kh7 16. Nf3 Ra2 17. Rb2 Rxb2 18. Qxb2 e4 19. Nd4 exd3 20. exd3 Bg4 21. Kf1
Ne6 22. f3 Qf6 23. Qf2 Ra8 24. Kg1 Bf5 25. Nxf5 Qxf5 26. Bf1 Ra3 27. Kg2 h5 28.
Be2 Ra2 29. Rf1 Qe5 30. Re1 Qc3 31. Kf1 Nd4 32. Kg2 Qxe1 0-1

[Event "BL 8586 Heidelberg-Koblenz"]
[Site "?"]
[Date "1986.??.??"]
[Round "?.5"]
[White "Schlick, V."]
[Black "Nonnenmacher, E."]
[Result "1/2-1/2"]
[WhiteElo "2260"]
[BlackElo "2305"]
[PlyCount "91"]
[EventDate "1986.??.??"]

1. e4 c5 2. Nf3 e6 3. d4 cxd4 4. Nxd4 Nf6 5. Bd3 Nc6 6. Nxc6 dxc6 7. O-O e5 8.
Nd2 Bc5 9. Kh1 Ng4 10. Qf3 Qh4 11. h3 Nxf2+ 12. Kh2 Bg4 13. Qg3 Qxg3+ 14. Kxg3
Nxd3 15. Kxg4 Nb4 16. c3 Nc2 17. Nb3 Bb6 18. Rb1 Rd8 19. Bg5 f6 20. Bd2 Rxd2
21. Nxd2 Ne3+ 22. Kf3 Nxf1 23. Rxf1 Ke7 24. Nc4 Rd8 25. Ke2 Bc7 26. a4 Ke6 27.
b4 g6 28. g4 Rh8 29. Rg1 a6 30. a5 Bd8 31. h4 Be7 32. Ne3 Bf8 33. h5 Bh6 34.
Nc4 gxh5 35. Rh1 Bf4 36. Rxh5 h6 37. Nb2 Rg8 38. Rh4 Kf7 39. Nd3 Kg6 40. Rh5
Bg5 41. Rh1 Bf4 42. Rh5 Rd8 43. Nxf4+ exf4 44. Rc5 Rd6 45. Kf3 Rd1 46. Kxf4
1/2-1/2

[Event "BL 8586 München 36-Bayern"]
[Site "?"]
[Date "1986.??.??"]
[Round "?.1"]
[White "Ribli, Z."]
[Black "Unzicker, W."]
[Result "1-0"]
[WhiteElo "2605"]
[BlackElo "2470"]
[PlyCount "69"]
[EventDate "1986.??.??"]

1. Nf3 Nf6 2. c4 c5 3. g3 e6 4. Bg2 d5 5. cxd5 Nxd5 6. O-O Nc6 7. d4 Be7 8.
dxc5 Bxc5 9. Qc2 Qe7 10. a3 O-O 11. b4 Bb6 12. Bb2 Bd7 13. Nc3 Nxc3 14. Bxc3
Rfc8 15. Rfd1 Rc7 16. Qd2 e5 17. b5 Nd4 18. Nxd4 exd4 19. Bb4 Qf6 20. a4 d3 21.
exd3 Rac8 22. d4 Bg4 23. a5 Rc2 24. Qe3 Bxd1 25. Rxd1 Bc7 26. Bxb7 Rb8 27. d5
Rc4 28. Be7 Qe5 29. Qxe5 Bxe5 30. a6 Bc7 31. d6 Bd8 32. Bxd8 Rxd8 33. d7 Rc7
34. b6 axb6 35. a7 1-0

[Event "BL 8586 München 36-Bayern"]
[Site "?"]
[Date "1986.??.??"]
[Round "?.2"]
[White "Smejkal, J."]
[Black "Bischoff, K."]
[Result "1/2-1/2"]
[WhiteElo "2565"]
[BlackElo "2415"]
[PlyCount "145"]
[EventDate "1986.??.??"]

1. Nf3 Nf6 2. g3 b6 3. Bg2 Bb7 4. c4 c5 5. O-O e6 6. b3 Be7 7. Bb2 O-O 8. d4
cxd4 9. Qxd4 d6 10. Nc3 a6 11. Rfd1 Nbd7 12. e4 Qc7 13. Qe3 Rfe8 14. h3 Bf8 15.
Qe2 Rad8 16. Re1 Qb8 17. Nh2 Bc6 18. Ng4 Nxg4 19. hxg4 b5 20. cxb5 axb5 21. a4
b4 22. Nb1 Nc5 23. Nd2 d5 24. e5 Rc8 25. Bd4 Bb7 26. Qe3 Ba6 27. Bf1 Bxf1 28.
Rxf1 Qa8 29. Rfc1 Nb7 30. Nf3 Qa6 31. Kg2 Na5 32. Nd2 Be7 33. Rab1 h6 34. Nf3
Nb7 35. g5 hxg5 36. Nxg5 Bxg5 37. Qxg5 Qd3 38. Qh4 Nc5 39. Bxc5 Rxc5 40. Rxc5
Qxb1 41. Qxb4 d4 42. Qxd4 Qxb3 43. a5 Qb7+ 44. Kh2 Qf3 45. Rc3 Qa8 46. Ra3 Rd8
47. Qa4 g6 48. a6 Kg7 49. Kg1 Qd5 50. Qb3 Qxb3 51. Rxb3 Rd1+ 52. Kg2 Ra1 53.
Rb6 g5 54. Kf3 Ra4 55. Ke3 Kg6 56. g4 Rxg4 57. a7 Ra4 58. Rb7 g4 59. Kd3 Kf5
60. Rxf7+ Kxe5 61. Rd7 Ra1 62. Kc4 Ke4 63. Rf7 e5 64. Kc5 Kd3 65. Kb6 Ke2 66.
Rf6 e4 67. Rf4 Rb1+ 68. Kc5 Ra1 69. Kb6 Rb1+ 70. Kc6 Ra1 71. Rxe4+ Kxf2 72.
Rxg4 Rxa7 73. Rf4+ 1/2-1/2

[Event "BL 8586 München 36-Bayern"]
[Site "?"]
[Date "1986.??.??"]
[Round "?.3"]
[White "Hecht, H."]
[Black "Nikolac, J."]
[Result "1-0"]
[WhiteElo "2445"]
[BlackElo "2440"]
[PlyCount "115"]
[EventDate "1986.??.??"]

1. e4 e5 2. Nf3 Nc6 3. Bb5 a6 4. Bxc6 dxc6 5. O-O Ne7 6. d4 Bg4 7. c3 Ng6 8.
Be3 Be7 9. Nbd2 O-O 10. h3 exd4 11. Bxd4 Be6 12. Be3 c5 13. Qe2 Qe8 14. Rfe1
Qc6 15. Ng5 Bd7 16. f4 Bxg5 17. fxg5 b6 18. Bf2 f6 19. gxf6 Nf4 20. Qe3 Rxf6
21. Bg3 Raf8 22. Bxf4 Rxf4 23. Rf1 Rxf1+ 24. Rxf1 Rxf1+ 25. Nxf1 Qe6 26. a3 Bc6
27. Nd2 Qd6 28. Nf3 h6 29. e5 Qe6 30. Qd3 Kf7 31. Qxa6 Bxf3 32. Qf1 Qxe5 33.
Qxf3+ Ke6 34. Kf2 Kd6 35. Qd3+ Kc6 36. a4 Qe6 37. Qf3+ Kd7 38. Qe2 Qf5+ 39. Kg3
Qb1 40. Qg4+ Kc6 41. Qf3+ Kd6 42. Qf8+ Kd5 43. Qf7+ Kc6 44. Qxg7 Qxb2 45. Qxh6+
Kd5 46. Qe3 Kc4 47. h4 Qc2 48. h5 Kb3 49. h6 Qg6+ 50. Kf3 c4 51. g4 Kxa4 52. g5
Kb3 53. Kf4 Qf7+ 54. Kg4 Qd7+ 55. Kh4 Qd3 56. Qe7 Qxc3 57. h7 Qd4+ 58. Kh5 1-0

[Event "BL 8586 München 36-Bayern"]
[Site "?"]
[Date "1986.??.??"]
[Round "?.4"]
[White "Bastian, H."]
[Black "Calvo Minguez, R."]
[Result "1-0"]
[WhiteElo "2375"]
[BlackElo "2435"]
[PlyCount "51"]
[EventDate "1986.??.??"]

1. e4 e5 2. Nf3 Nc6 3. Bc4 Nf6 4. d3 Bc5 5. c3 a6 6. O-O d6 7. Bb3 Qe7 8. Nbd2
Be6 9. Nc4 Ba7 10. Re1 Ng4 11. d4 exd4 12. cxd4 Nxd4 13. Nxd4 Qh4 14. Be3 Qxh2+
15. Kf1 Bxd4 16. Qxd4 O-O 17. f3 c5 18. Qd2 b5 19. Bg1 Qg3 20. Ne3 c4 21. Nxg4
Bxg4 22. Bc2 Be6 23. Be3 Rad8 24. Bf4 Qh4 25. Bg5 c3 26. Bxh4 1-0

[Event "BL 8586 München 36-Bayern"]
[Site "?"]
[Date "1986.??.??"]
[Round "?.6"]
[White "Kaiser, W."]
[Black "Hickl, J."]
[Result "1-0"]
[WhiteElo "2355"]
[BlackElo "2370"]
[PlyCount "59"]
[EventDate "1986.??.??"]

1. d4 Nf6 2. c4 d6 3. Nc3 e5 4. Nf3 Nbd7 5. Bg5 c6 6. e3 Qc7 7. Qc2 g6 8. Bd3
Bg7 9. O-O O-O 10. h3 Re8 11. Rad1 Nh5 12. Bh4 Nf8 13. c5 exd4 14. cxd6 Qxd6
15. Ne4 Qc7 16. g4 dxe3 17. gxh5 Bxh3 18. fxe3 Qd7 19. Rf2 Qg4+ 20. Kh2 Bg2 21.
Rxg2 Qxf3 22. Qe2 Be5+ 23. Kg1 Qh3 24. Bg3 Bxg3 25. Rxg3 Qh4 26. Qf3 Re5 27.
Rf1 f5 28. Nd6 Qf6 29. Bc4+ Kg7 30. h6+ 1-0

[Event "BL 8586 München 36-Bayern"]
[Site "?"]
[Date "1986.??.??"]
[Round "?.8"]
[White "Krause, C."]
[Black "Schubert, C."]
[Result "1/2-1/2"]
[WhiteElo "2250"]
[BlackElo "2255"]
[PlyCount "113"]
[EventDate "1986.??.??"]

1. c4 Nf6 2. Nc3 g6 3. e4 d6 4. g3 Bg7 5. Bg2 c5 6. Nge2 Nc6 7. O-O O-O 8. d3
Bd7 9. h3 a6 10. Be3 Rb8 11. a4 Ne8 12. d4 cxd4 13. Nxd4 Nc7 14. Rb1 Qc8 15.
Kh2 Ne6 16. Nde2 Nc7 17. Nd4 Qd8 18. b4 Ne6 19. Nxc6 bxc6 20. Qd3 Rb7 21. f4
Qb8 22. Na2 Qc7 23. f5 Nd8 24. Bg5 f6 25. Bf4 Nf7 26. c5 g5 27. Be3 Ra8 28. a5
Ne5 29. Qc3 Be8 30. Nc1 Bf7 31. Rd1 Bf8 32. Nd3 Nc4 33. Bd4 Ne5 34. Nxe5 dxe5
35. Be3 e6 36. fxe6 Bxe6 37. Bf1 Qf7 38. Be2 Kh8 39. Rf1 Qg6 40. Bc4 Bd7 41.
Qc2 Be7 42. g4 h5 43. Kg3 Kg7 44. Rh1 Rab8 45. Bd2 Ra7 46. Bc3 Rh8 47. Qe2 hxg4
48. hxg4 Rh4 49. Rxh4 gxh4+ 50. Kh3 Ra8 51. Re1 Ra7 52. Rd1 Bc8 53. Be1 Qh6 54.
Bf2 Kf8 55. Rg1 Bd8 56. Rd1 Be7 57. Re1 1/2-1/2

[Event "BL 8586 Bochum-Solingen"]
[Site "?"]
[Date "1986.??.??"]
[Round "?.1"]
[White "Huebner, R."]
[Black "Heinbuch, D."]
[Result "1/2-1/2"]
[WhiteElo "2620"]
[BlackElo "2360"]
[PlyCount "102"]
[EventDate "1986.??.??"]

1. c4 c5 2. Nf3 Nf6 3. Nc3 b6 4. d4 cxd4 5. Nxd4 Bb7 6. Bg5 a6 7. f3 e6 8. e4
d6 9. Be2 Be7 10. Qd2 Nbd7 11. O-O O-O 12. Rfd1 Qc7 13. Rac1 Rac8 14. Bf1 Qb8
15. Nc2 Bd8 16. Kh1 Bc7 17. Bf4 Ne5 18. Be3 Kh8 19. Qf2 Ba8 20. Nb4 Qa7 21. Be2
Nc6 22. a3 Nd7 23. Qh4 Na5 24. Nb1 Nb3 25. Rc3 Nbc5 26. Bd4 Ne5 27. Nd3 Ncxd3
28. Bxd3 Qb7 29. Be2 Qb8 30. Rb3 Bc6 31. Rc1 Nd7 32. Rbc3 Ne5 33. Nd2 Qa8 34.
b4 Qb8 35. Nf1 Bb7 36. R3c2 f5 37. Ng3 Ng6 38. Qg5 f4 39. Nf1 Rce8 40. c5 Bd8
41. Qh5 e5 42. Bf2 dxc5 43. bxc5 bxc5 44. Bxc5 Rf6 45. g4 fxg3 46. hxg3 Be7 47.
Nh2 Bxc5 48. Rxc5 Bc8 49. Kg2 Bd7 50. Ng4 Bxg4 51. Qxg4 Qb2 1/2-1/2

[Event "BL 8586 Bochum-Solingen"]
[Site "?"]
[Date "1986.??.??"]
[Round "?.3"]
[White "Lobron, E."]
[Black "Budde, V."]
[Result "1-0"]
[WhiteElo "2525"]
[BlackElo "2345"]
[PlyCount "47"]
[EventDate "1986.??.??"]

1. e4 c5 2. Nc3 d6 3. Nge2 Nf6 4. d4 cxd4 5. Nxd4 a6 6. Bg5 Nbd7 7. Bc4 h6 8.
Bxf6 Nxf6 9. Qe2 b5 10. Bb3 Bb7 11. O-O-O e5 12. Nf5 g6 13. Ne3 Be7 14. Ng4
Nxg4 15. Qxg4 Rc8 16. Rd3 h5 17. Qe2 Rc5 18. Rhd1 Qb6 19. Nd5 Bxd5 20. Bxd5 a5
21. Kb1 Rh7 22. Qe3 Qc7 23. c3 Qd8 24. Qxc5 1-0

[Event "BL 8586 Bochum-Solingen"]
[Site "?"]
[Date "1986.??.??"]
[Round "?.5"]
[White "Lau, R."]
[Black "Fleck, J."]
[Result "0-1"]
[WhiteElo "2460"]
[BlackElo "2390"]
[PlyCount "86"]
[EventDate "1986.??.??"]

1. e4 Nf6 2. e5 Nd5 3. d4 d6 4. Nf3 Nc6 5. c4 Nb6 6. e6 fxe6 7. Be3 g6 8. h4
Bg7 9. h5 e5 10. d5 e4 11. Ng5 Bxb2 12. Nd2 Bxa1 13. Qxa1 Ne5 14. Ndxe4 Rg8 15.
hxg6 hxg6 16. Ne6 Bxe6 17. dxe6 c6 18. f4 Nbxc4 19. Bxc4 Qa5+ 20. Bd2 Qa4 21.
Nxd6+ exd6 22. Be2 O-O-O 23. fxe5 Rge8 24. Bg5 Qb4+ 25. Kf2 Rf8+ 26. Bf3 Rde8
27. exd6 Rxe6 28. d7+ Kxd7 29. Rd1+ Kc8 30. Qg7 Qc5+ 31. Kf1 Qc4+ 32. Kg1 Ree8
33. Bxc6 Qc5+ 34. Kh2 Rh8+ 35. Bh6 Qxc6 36. Rd3 Qc7+ 37. Qxc7+ Kxc7 38. Rh3 Kc6
39. Rc3+ Kd7 40. Rd3+ Kc6 41. Rc3+ Kb5 42. Rh3 Rh7 43. Rb3+ Ka4 0-1